[Event "Deutsche Ländermeisterschaft 2014"]
[Site "Hannover GER"]
[Date "2014.10.04"]
[Round "3"]
[White "Zimmermann, Ulrich"]
[Black "Rieß, Alexander"]
[Result "1-0"]
[Termination "normal"]
[Board "5.1"]
[WhiteElo "2353"]
[BlackElo "1937"]
[WhiteClock "00:51:26"]
[BlackClock "00:11:52"]
[WhiteTeam "Württemberg"]
[BlackTeam "Team Nord"]
[PlyCount "69"]
[WhiteFideId "24654523"]
[BlackFideId "12953326"]
[EventCountry "GER"]
[EventRounds "7"]
[EventType "team-swiss"]
[EventDate "2014.10.02"]

1. g3 {[%clk 1:30:53]} c5 {[%clk 1:30:49]} 2. Bg2 {[%clk 1:31:17]} Nc6 {[%clk
1:31:11]} 3. e4 {[%clk 1:31:42]} g6 {[%clk 1:31:15]} 4. Ne2 {[%clk 1:32:06]}
Bg7 {[%clk 1:31:37]} 5. c3 {[%clk 1:31:45]} e5 {[%clk 1:31:16]} 6. O-O {[%clk
1:31:19]} Nge7 {[%clk 1:31:20]} 7. f4 {[%clk 1:30:25]} d6 {[%clk 1:31:30]} 8.
d3 {[%clk 1:30:41]} O-O {[%clk 1:31:35]} 9. Be3 {[%clk 1:30:49]} Be6 {[%clk
1:22:40]} 10. Qd2 {[%clk 1:25:33]} Qd7 {[%clk 1:20:49]} 11. Na3 {[%clk
1:23:54]} Rad8 {[%clk 1:10:40]} 12. d4 {[%clk 1:15:45]} exd4 {[%clk 1:08:33]}
13. cxd4 {[%clk 1:16:02]} cxd4 {[%clk 1:03:30]} 14. Nxd4 {[%clk 1:16:24]} Nxd4
{[%clk 0:57:56]} 15. Bxd4 {[%clk 1:16:48]} Bxd4+ {[%clk 0:58:17]} 16. Qxd4
{[%clk 1:17:14]} Nc6 {[%clk 0:58:41]} 17. Qd2 {[%clk 1:17:36]} d5 {[%clk
0:58:49]} 18. e5 {[%clk 1:16:44]} d4 {[%clk 0:51:32]} 19. b3 {[%clk 1:13:49]}
Bd5 {[%clk 0:46:21]} 20. Nc4 {[%clk 1:11:56]} Bxg2 {[%clk 0:37:09]} 21. Qxg2
{[%clk 1:12:21]} f6 {[%clk 0:33:37]} 22. Nd6 {[%clk 1:09:48]} fxe5 {[%clk
0:28:10]} 23. Qd5+ {[%clk 1:09:26]} Kg7 {[%clk 0:28:00]} 24. fxe5 {[%clk
1:09:40]} Qe7 {[%clk 0:26:09]} 25. Rxf8 {[%clk 1:05:59]} Rxf8 {[%clk 0:26:10]}
26. Rf1 {[%clk 0:59:17]} Rxf1+ {[%clk 0:26:20]} 27. Kxf1 {[%clk 0:58:19]} d3
{[%clk 0:18:39]} 28. e6 {[%clk 0:55:01]} Qf6+ {[%clk 0:16:56]} 29. Kg2 {[%clk
0:55:01]} Qb2+ {[%clk 0:15:58]} 30. Kh3 {[%clk 0:53:01]} d2 {[%clk 0:14:59]}
31. e7 {[%clk 0:50:51]} Nxe7 {[%clk 0:11:54]} 32. Qf7+ {[%clk 0:50:48]} Kh6
{[%clk 0:11:44]} 33. Qf8+ {[%clk 0:51:06]} Kh5 {[%clk 0:11:31]} 34. g4+ {[%clk
0:51:26]} Kg5 {[%clk 0:11:52]} 35. Ne4# 1-0

[Event "Deutsche Ländermeisterschaft 2014"]
[Site "Hannover GER"]
[Date "2014.10.04"]
[Round "3"]
[White "Nahnsen, Kenneth"]
[Black "Gibicar, Danijel"]
[Result "0-1"]
[Termination "normal"]
[Board "5.2"]
[WhiteElo "1960"]
[BlackElo "2164"]
[WhiteClock "01:15:43"]
[BlackClock "00:19:12"]
[WhiteTeam "Team Nord"]
[BlackTeam "Württemberg"]
[PlyCount "40"]
[WhiteFideId "12957119"]
[BlackFideId "24660256"]
[EventCountry "GER"]
[EventRounds "7"]
[EventType "team-swiss"]
[EventDate "2014.10.02"]

1. e4 e6 2. d4 d5 3. Bd3 c5 4. exd5 exd5 5. dxc5 Bxc5 6. Nf3 Nf6 7. O-O O-O 8.
h3 Qd6 9. Bg5 h6 10. Bh4 g5 11. Nxg5 hxg5 12. Bxg5 Ne4 13. Bc1 Qf6 14. Bxe4
dxe4 15. Qd5 Qf5 16. Qb3 Nc6 17. Nd2 Qg6 18. Qd5 Bxh3 19. Qxe4 Bf5 20. Qc4 Be7
0-1

[Event "Deutsche Ländermeisterschaft 2014"]
[Site "Hannover GER"]
[Date "2014.10.04"]
[Round "3"]
[White "Höglauer, Patrick"]
[Black "Schnabel, Bennett"]
[Result "1/2-1/2"]
[Termination "normal"]
[Board "5.3"]
[WhiteElo "2042"]
[BlackElo "1744"]
[WhiteClock "01:19:45"]
[BlackClock "01:20:27"]
[WhiteTeam "Württemberg"]
[BlackTeam "Team Nord"]
[PlyCount "58"]
[WhiteFideId "1270548"]
[BlackFideId "12943290"]
[EventCountry "GER"]
[EventRounds "7"]
[EventType "team-swiss"]
[EventDate "2014.10.02"]

1. d4 {[%clk 1:30:56]} Nf6 {[%clk 1:30:33]} 2. c4 {[%clk 1:31:19]} g6 {[%clk
1:30:48]} 3. Nc3 {[%clk 1:31:34]} Bg7 {[%clk 1:30:58]} 4. e4 {[%clk 1:31:18]}
d6 {[%clk 1:30:43]} 5. f3 {[%clk 1:31:22]} O-O {[%clk 1:30:54]} 6. Be3 {[%clk
1:31:38]} a5 {[%clk 1:30:43]} 7. Nge2 {[%clk 1:30:32]} Nbd7 {[%clk 1:30:48]} 8.
g4 {[%clk 1:21:46]} e5 {[%clk 1:28:44]} 9. d5 {[%clk 1:21:56]} b6 {[%clk
1:28:37]} 10. Ng3 {[%clk 1:21:48]} Nc5 {[%clk 1:28:05]} 11. a3 {[%clk 1:20:21]}
Bd7 {[%clk 1:22:10]} 12. b4 {[%clk 1:18:46]} axb4 {[%clk 1:21:55]} 13. axb4
{[%clk 1:19:15]} Nb7 {[%clk 1:21:37]} 14. Bd3 {[%clk 1:19:22]} Rxa1 {[%clk
1:21:15]} 15. Qxa1 {[%clk 1:19:45]} Kh8 {[%clk 1:20:27]} 16. Ke2 {[%clk
1:19:45]} Qa8 {[%clk 1:20:27]} 17. Qb2 {[%clk 1:19:45]} h5 {[%clk 1:20:27]} 18.
h3 {[%clk 1:19:45]} Kh7 {[%clk 1:20:27]} 19. Ra1 {[%clk 1:19:45]} Qb8 {[%clk
1:20:27]} 20. Kd2 {[%clk 1:19:45]} h4 {[%clk 1:20:27]} 21. Nf1 {[%clk 1:19:45]}
Ng8 {[%clk 1:20:27]} 22. Kd1 {[%clk 1:19:45]} Bh6 {[%clk 1:20:27]} 23. g5
{[%clk 1:19:45]} Bg7 {[%clk 1:20:27]} 24. Qf2 {[%clk 1:19:45]} Nf6 {[%clk
1:20:27]} 25. Qxh4+ {[%clk 1:19:45]} Kg8 {[%clk 1:20:27]} 26. Qg3 {[%clk
1:19:45]} Qe8 {[%clk 1:20:27]} 27. h4 {[%clk 1:19:45]} Qd8 {[%clk 1:20:27]} 28.
Nh2 {[%clk 1:19:45]} c6 {[%clk 1:20:27]} 29. dxc6 {[%clk 1:19:45]} Nc5 {[%clk
1:20:27]} 1/2-1/2

[Event "Deutsche Ländermeisterschaft 2014"]
[Site "Hannover GER"]
[Date "2014.10.04"]
[Round "3"]
[White "Helmer, Jan"]
[Black "Schmidt, Tobias"]
[Result "0-1"]
[Termination "normal"]
[Board "5.4"]
[WhiteElo "1651"]
[BlackElo "2050"]
[WhiteClock "00:20:28"]
[BlackClock "00:48:55"]
[WhiteTeam "Team Nord"]
[BlackTeam "Württemberg"]
[PlyCount "53"]
[WhiteFideId "12956686"]
[BlackFideId "1271683"]
[EventCountry "GER"]
[EventRounds "7"]
[EventType "team-swiss"]
[EventDate "2014.10.02"]

1. d4 {[%clk 1:30:56]} d5 {[%clk 1:30:49]} 2. Nf3 {[%clk 1:31:20]} Nf6 {[%clk
1:31:15]} 3. e3 {[%clk 1:31:37]} e6 {[%clk 1:31:42]} 4. Bd3 {[%clk 1:32:01]} c5
{[%clk 1:32:06]} 5. c3 {[%clk 1:32:27]} Nc6 {[%clk 1:32:31]} 6. Nbd2 {[%clk
1:31:54]} Bd6 {[%clk 1:32:21]} 7. O-O {[%clk 1:30:32]} O-O {[%clk 1:32:42]} 8.
Re1 {[%clk 1:28:35]} e5 {[%clk 1:32:11]} 9. dxe5 {[%clk 1:20:31]} Nxe5 {[%clk
1:32:08]} 10. Nxe5 {[%clk 1:12:29]} Bxe5 {[%clk 1:32:36]} 11. e4 {[%clk
1:07:25]} Bg4 {[%clk 1:24:56]} 12. f3 {[%clk 1:07:25]} Bh5 {[%clk 1:25:05]} 13.
exd5 {[%clk 1:02:23]} Qxd5 {[%clk 1:20:56]} 14. Ne4 Rad8 15. Nxf6+ {[%clk
0:58:23]} Bxf6 {[%clk 1:21:22]} 16. Bc2 {[%clk 0:53:30]} Qc6 {[%clk 1:19:49]}
17. Qe2 {[%clk 0:53:30]} Rfe8 {[%clk 1:17:08]} 18. Qf1 Rxe1 {[%clk 1:03:30]}
19. Qxe1 {[%clk 0:47:31]} Qb5 20. Qf1 Qe8 {[%clk 0:50:34]} 21. Bf4 {[%clk
0:37:15]} Bg6 {[%clk 0:50:47]} 22. Bxg6 {[%clk 0:37:24]} hxg6 23. Rd1 {[%clk
0:26:15]} Qa4 {[%clk 0:48:55]} 24. h4 {[%clk 0:20:28]} Rxd1 {[%clk 0:48:55]}
25. Qxd1 {[%clk 0:20:28]} Bd8 {[%clk 0:48:55]} 26. b3 {[%clk 0:20:28]} Bb6
{[%clk 0:48:55]} 27. bxa4 {[%clk 0:20:28]} 0-1

[Event "Deutsche Ländermeisterschaft 2014"]
[Site "Hannover GER"]
[Date "2014.10.04"]
[Round "3"]
[White "Zeller, Elisa"]
[Black "Wagner, Benjamin"]
[Result "1-0"]
[Termination "normal"]
[Board "5.5"]
[WhiteElo "1922"]
[BlackElo "1601"]
[WhiteClock "01:00:56"]
[BlackClock "00:34:34"]
[WhiteTeam "Württemberg"]
[BlackTeam "Team Nord"]
[PlyCount "79"]
[WhiteFideId "24662410"]
[BlackFideId "12957330"]
[EventCountry "GER"]
[EventRounds "7"]
[EventType "team-swiss"]
[EventDate "2014.10.02"]

1. e4 e5 2. Nf3 Nc6 3. Bb5 a6 4. Ba4 Nf6 5. O-O Be7 6. Re1 b5 7. Bb3 d6 8. c3
O-O 9. h3 Na5 10. Bc2 c5 11. d3 Qc7 12. Nbd2 Re8 13. Nf1 h6 14. Ng3 Bf8 15. Nh4
Nc6 16. Qf3 Qd8 17. a4 Rb8 18. axb5 axb5 19. Bb3 b4 20. Ba4 Bd7 21. Nhf5 Ra8
22. Bd2 Kh7 23. Bxc6 Bxc6 24. cxb4 g6 25. Ne3 Bg7 26. bxc5 dxc5 27. Nc4 Bb5 28.
Rxa8 Qxa8 29. Nd6 Rb8 30. Bc3 Qa2 31. Bxe5 Qe6 32. Nc4 Bxc4 33. Bxb8 Bb5 34. e5
Bc6 35. Qe3 Nd7 36. Bd6 Qd5 37. Qe4 Qxe4 38. Nxe4 Nxe5 39. Bxe5 Bxe5 40. Ng5+
1-0

[Event "Deutsche Ländermeisterschaft 2014"]
[Site "Hannover GER"]
[Date "2014.10.04"]
[Round "3"]
[White "Giede, Anna-Blume"]
[Black "Weber, Sandra"]
[Result "1/2-1/2"]
[Termination "normal"]
[Board "5.6"]
[WhiteElo "1456"]
[BlackElo "1800"]
[WhiteClock "00:00:35"]
[BlackClock "00:22:13"]
[WhiteTeam "Team Nord"]
[BlackTeam "Württemberg"]
[PlyCount "84"]
[WhiteFideId "12921980"]
[BlackFideId "1270049"]
[EventCountry "GER"]
[EventRounds "7"]
[EventType "team-swiss"]
[EventDate "2014.10.02"]

1. e4 {[%clk 1:30:59]} c5 {[%clk 1:30:54]} 2. Nf3 {[%clk 1:31:20]} Nc6 {[%clk
1:31:20]} 3. c3 {[%clk 1:31:42]} g6 {[%clk 1:31:30]} 4. d4 {[%clk 1:30:11]}
cxd4 {[%clk 1:31:52]} 5. cxd4 {[%clk 1:29:34]} Bg7 {[%clk 1:26:28]} 6. Nc3
{[%clk 1:21:54]} d6 {[%clk 1:23:15]} 7. h3 {[%clk 1:15:57]} Bd7 {[%clk
1:17:09]} 8. Bc4 {[%clk 1:05:40]} Na5 {[%clk 1:09:12]} 9. Be2 {[%clk 0:57:13]}
b6 {[%clk 0:58:44]} 10. O-O {[%clk 0:45:43]} Bc6 {[%clk 0:40:47]} 11. Bf4
{[%clk 0:30:53]} Nf6 {[%clk 0:38:03]} 12. Bd3 {[%clk 0:27:26]} O-O {[%clk
0:37:37]} 13. Rc1 {[%clk 0:23:16]} Qe8 {[%clk 0:32:09]} 14. Qd2 {[%clk
0:18:24]} a6 {[%clk 0:29:44]} 15. b4 {[%clk 0:13:50]} Nb7 {[%clk 0:30:06]} 16.
Bh6 {[%clk 0:11:47]} b5 {[%clk 0:28:54]} 17. Rfe1 {[%clk 0:07:48]} a5 {[%clk
0:26:31]} 18. a3 {[%clk 0:06:51]} Nd8 {[%clk 0:11:29]} 19. d5 {[%clk 0:04:51]}
Bd7 {[%clk 0:11:50]} 20. Rc2 {[%clk 0:04:12]} e5 {[%clk 0:09:14]} 21. Rec1
{[%clk 0:02:24]} Nh5 {[%clk 0:09:07]} 22. Ne2 {[%clk 0:01:34]} f5 {[%clk
0:07:20]} 23. Bxg7 {[%clk 0:00:40]} Nxg7 {[%clk 0:07:08]} 24. Rc7 {[%clk
0:00:37]} Nf7 {[%clk 0:06:38]} 25. Ng3 {[%clk 0:00:36]} f4 {[%clk 0:06:21]} 26.
Ne2 {[%clk 0:00:41]} axb4 {[%clk 0:05:30]} 27. axb4 {[%clk 0:01:02]} Rb8 {[%clk
0:05:23]} 28. Ra1 {[%clk 0:00:44]} Nh5 {[%clk 0:04:53]} 29. Raa7 {[%clk
0:00:35]} Nf6 {[%clk 0:05:17]} 30. Kf1 {[%clk 0:00:35]} g5 {[%clk 0:05:41]} 31.
Kg1 {[%clk 0:00:34]} h5 {[%clk 0:06:02]} 32. Nh2 {[%clk 0:00:43]} g4 {[%clk
0:05:42]} 33. hxg4 {[%clk 0:00:39]} hxg4 {[%clk 0:05:28]} 34. Nf1 {[%clk
0:00:38]} Kg7 {[%clk 0:05:32]} 35. Qd1 {[%clk 0:00:32]} Rh8 {[%clk 0:05:20]}
36. Nd2 {[%clk 0:00:45]} Rh6 {[%clk 0:05:15]} 37. Kf1 {[%clk 0:00:46]} Rh1+
{[%clk 0:01:13]} 38. Ng1 {[%clk 0:01:04]} f3 {[%clk 0:00:45]} 39. gxf3 {[%clk
0:00:58]} gxf3 {[%clk 0:00:43]} 40. Ndxf3 {[%clk 0:00:46]} Bh3+ {[%clk
0:00:36]} 41. Ke2 {[%clk 0:00:35]} Bd7 {[%clk 0:22:13]} 42. Rc5 Ra8 1/2-1/2

[Event "Deutsche Ländermeisterschaft 2014"]
[Site "Hannover GER"]
[Date "2014.10.04"]
[Round "3"]
[White "Schallner, Marc"]
[Black "Caliebe, Nanke"]
[Result "1-0"]
[Termination "normal"]
[Board "5.7"]
[WhiteElo "1660"]
[BlackElo "1446"]
[WhiteClock "00:36:45"]
[BlackClock "00:13:30"]
[WhiteTeam "Württemberg"]
[BlackTeam "Team Nord"]
[PlyCount "84"]
[WhiteFideId "12971243"]
[BlackFideId "12980528"]
[EventCountry "GER"]
[EventRounds "7"]
[EventType "team-swiss"]
[EventDate "2014.10.02"]

1. e4 {[%clk 1:30:57]} c5 {[%clk 1:30:53]} 2. Nf3 {[%clk 1:31:22]} e6 {[%clk
1:31:08]} 3. c4 {[%clk 1:31:46]} Nc6 {[%clk 1:31:22]} 4. d4 {[%clk 1:32:09]}
cxd4 {[%clk 1:30:46]} 5. Nxd4 {[%clk 1:32:26]} a6 {[%clk 1:28:51]} 6. Nc3
{[%clk 1:30:52]} Bb4 {[%clk 1:27:17]} 7. Be2 {[%clk 1:27:33]} d6 {[%clk
1:24:30]} 8. Be3 {[%clk 1:26:16]} Nf6 {[%clk 1:23:01]} 9. f3 {[%clk 1:25:34]}
O-O {[%clk 1:21:27]} 10. O-O {[%clk 1:24:14]} Bxc3 {[%clk 1:17:36]} 11. bxc3
{[%clk 1:24:36]} Qc7 {[%clk 1:17:33]} 12. Nxc6 {[%clk 1:17:13]} Qxc6 {[%clk
1:16:03]} 13. Rb1 {[%clk 1:14:34]} Rb8 {[%clk 1:11:15]} 14. Rb6 {[%clk
1:11:53]} Qc7 {[%clk 1:08:31]} 15. Qxd6 {[%clk 1:11:07]} Qxd6 {[%clk 1:05:32]}
16. Rxd6 {[%clk 1:11:03]} Bd7 {[%clk 1:05:07]} 17. e5 {[%clk 1:10:35]} Bc6
{[%clk 1:00:51]} 18. exf6 {[%clk 1:10:44]} gxf6 {[%clk 1:00:45]} 19. Bb6 {[%clk
1:10:27]} Kg7 20. Rfd1 {[%clk 1:08:02]} Rbe8 {[%clk 0:40:49]} 21. Bd3 {[%clk
1:04:52]} Rc8 {[%clk 0:37:39]} 22. Kf2 {[%clk 1:00:40]} Rfe8 {[%clk 0:36:53]}
23. Kg3 {[%clk 0:57:16]} h6 {[%clk 0:33:28]} 24. Kh4 {[%clk 0:56:36]} f5 {[%clk
0:31:17]} 25. Be2 {[%clk 0:56:15]} Kg6 26. Rd8 {[%clk 0:56:12]} f6 {[%clk
0:27:17]} 27. Rxc8 {[%clk 0:55:13]} Rxc8 {[%clk 0:27:36]} 28. Rd8 {[%clk
0:55:28]} Rxd8 {[%clk 0:27:57]} 29. Bxd8 {[%clk 0:55:54]} e5 {[%clk 0:27:26]}
30. Bb6 {[%clk 0:54:52]} f4 {[%clk 0:24:57]} 31. Bd1 {[%clk 0:48:37]} Bd7
{[%clk 0:24:15]} 32. Bc2+ {[%clk 0:48:11]} f5 {[%clk 0:23:23]} 33. g4 {[%clk
0:47:42]} fxg3 {[%clk 0:22:36]} 34. Kxg3 {[%clk 0:47:48]} Bc6 {[%clk 0:22:38]}
35. Be3 {[%clk 0:45:57]} Bd7 {[%clk 0:21:19]} 36. Kf2 {[%clk 0:44:59]} Kh5
{[%clk 0:20:08]} 37. Bc5 {[%clk 0:43:24]} Kg5 {[%clk 0:18:55]} 38. Be7+ {[%clk
0:40:16]} Kg6 {[%clk 0:18:23]} 39. Ke3 {[%clk 0:39:12]} Be6 {[%clk 0:17:28]}
40. Bb3 {[%clk 0:37:58]} Kf7 {[%clk 0:15:30]} 41. Bd6 {[%clk 0:37:25]} Kf6
{[%clk 0:13:32]} 42. c5 {[%clk 0:36:45]} Bd7 {[%clk 0:13:30]} 1-0

[Event "Deutsche Ländermeisterschaft 2014"]
[Site "Hannover GER"]
[Date "2014.10.04"]
[Round "3"]
[White "Wolterink, Jule"]
[Black "Höglauer, Jenny"]
[Result "0-1"]
[Termination "normal"]
[Board "5.8"]
[WhiteElo "1003"]
[BlackElo "1026"]
[WhiteTeam "Team Nord"]
[BlackTeam "Württemberg"]
[PlyCount "64"]
[WhiteFideId "12981206"]
[BlackFideId "12982598"]
[EventCountry "GER"]
[EventRounds "7"]
[EventType "team-swiss"]
[EventDate "2014.10.02"]

1. c4 e5 2. Nc3 Nf6 3. g3 Be7 4. Bg2 c6 5. b3 d5 6. Bb2 Be6 7. d3 Bb4 8. d4
exd4 9. Qxd4 c5 10. Qd3 Nc6 11. cxd5 Nxd5 12. Qc2 Qf6 13. Rc1 Rd8 14. Nf3 Nd4
15. Qd3 Nxf3+ 16. Qxf3 Qxf3 17. Bxf3 b6 18. O-O Bxc3 19. Bxc3 Nxc3 20. Rxc3 Rd2
21. Bc6+ Ke7 22. a4 Rxe2 23. Rd1 Rb2 24. Re3 Rd8 25. Bd5 Kf8 26. Red3 Rxd5 27.
Rxd5 Bxd5 28. Rxd5 Rxb3 29. Rd7 a5 30. Rb7 c4 31. Kf1 c3 32. Ke1 Rb1+ 0-1

[Event "Deutsche Ländermeisterschaft 2014"]
[Site "Hannover GER"]
[Date "2014.10.04"]
[Round "3"]
[White "Ruff, Maximilian"]
[Black "Moritz, Aron"]
[Result "1-0"]
[Termination "normal"]
[Board "6.1"]
[WhiteElo "2188"]
[BlackElo "2177"]
[WhiteTeam "Baden 2"]
[BlackTeam "Berlin"]
[PlyCount "91"]
[WhiteFideId "1271670"]
[BlackFideId "24672319"]
[EventCountry "GER"]
[EventRounds "7"]
[EventType "team-swiss"]
[EventDate "2014.10.02"]

1. e4 c5 2. Nf3 d6 3. d4 cxd4 4. Nxd4 Nf6 5. f3 g6 6. c4 Bg7 7. Be3 O-O 8. Nc3
Nc6 9. Qd2 Bd7 10. Be2 Nxd4 11. Bxd4 Bc6 12. O-O Nd7 13. Be3 a5 14. b3 Nc5 15.
Rab1 b6 16. Rfc1 Qd7 17. a3 a4 18. bxa4 Ra6 19. Nd5 Bxa4 20. Nxb6 Qa7 21. Nd5
Ra8 22. Nc3 Qd7 23. Bd1 Bxd1 24. Bxc5 Ba4 25. Nb5 Qd8 26. Be3 Rc8 27. Rb4 Qa5
28. Rcb1 h5 29. Qd5 Raa8 30. Bd4 e6 31. Qxd6 Rd8 32. Bb6 Rxd6 33. Bxa5 Bxb5 34.
Rxb5 Bd4+ 35. Kf1 Kg7 36. Rd1 e5 37. Bb4 Rc6 38. c5 f5 39. Ke2 fxe4 40. fxe4
Rf8 41. Kd3 Rf2 42. Rd2 Rf1 43. Rc2 Kf7 44. Rb7+ Ke6 45. Kc4 Rf8 46. Kb5 1-0

[Event "Deutsche Ländermeisterschaft 2014"]
[Site "Hannover GER"]
[Date "2014.10.04"]
[Round "3"]
[White "Boes, Julian"]
[Black "Schmidek, Emil"]
[Result "0-1"]
[Termination "normal"]
[Board "6.3"]
[WhiteElo "1845"]
[BlackElo "2108"]
[WhiteTeam "Baden 2"]
[BlackTeam "Berlin"]
[PlyCount "80"]
[WhiteFideId "12907723"]
[BlackFideId "12908150"]
[EventCountry "GER"]
[EventRounds "7"]
[EventType "team-swiss"]
[EventDate "2014.10.02"]

1. e4 e5 2. Nf3 Nc6 3. Bb5 a6 4. Bxc6 dxc6 5. O-O Bg4 6. h3 h5 7. Re1 Qf6 8.
hxg4 hxg4 9. Nxe5 Qxe5 10. Qxg4 Nf6 11. Qf3 Bd6 12. g3 O-O-O 13. d3 Rh5 14. Nd2
Rdh8 15. Nc4 Qe6 16. Kf1 Ng4 17. Ke2 Nh2 18. Nxd6+ cxd6 19. Qg2 Rh3 20. Rg1
Qg4+ 21. f3 Nxf3 22. Qxf3 Rh2+ 23. Ke3 Qg5+ 24. Qf4 Qc5+ 25. d4 Qxc2 26. Qf3
Re8 27. Re1 d5 28. e5 c5 29. Rf1 cxd4+ 30. Kf4 g5+ 31. Kg4 Rxe5 32. Qxf7 Qe4+
33. Bf4 gxf4 34. Rac1+ Rc2 35. Qf8+ Kd7 36. Qf7+ Re7 37. Qf6 f3+ 38. Kg5 Re5+
39. Kh6 Rh2+ 40. Kg7 Qh7+ 0-1

[Event "Deutsche Ländermeisterschaft 2014"]
[Site "Hannover GER"]
[Date "2014.10.04"]
[Round "3"]
[White "Greßmann, Moritz"]
[Black "Wiesner, Alexander"]
[Result "0-1"]
[Termination "normal"]
[Board "6.4"]
[WhiteElo "1977"]
[BlackElo "1791"]
[WhiteTeam "Berlin"]
[BlackTeam "Baden 2"]
[PlyCount "88"]
[WhiteFideId "24695084"]
[BlackFideId "12943991"]
[EventCountry "GER"]
[EventRounds "7"]
[EventType "team-swiss"]
[EventDate "2014.10.02"]

1. c4 e5 2. g3 Nf6 3. Bg2 d5 4. cxd5 Nxd5 5. Nc3 Be6 6. Nf3 Nc6 7. O-O Bc5 8.
a3 f6 9. Qc2 Bb6 10. b4 Qd7 11. Bb2 O-O-O 12. Rfc1 g5 13. Na4 Kb8 14. Nc5 Bxc5
15. Qxc5 h5 16. Ne1 h4 17. Nd3 hxg3 18. hxg3 Qh7 19. f3 Bh3 20. Qf2 g4 21. Nc5
gxf3 22. Bxf3 Bg4 23. Kf1 Bxf3 24. exf3 Rdg8 25. Ke2 Nd4+ 26. Bxd4 exd4 27.
Qxd4 Re8+ 28. Kd1 Ne3+ 29. dxe3 Rd8 30. Kd2 Rxd4+ 31. exd4 Qh2+ 32. Kc3 Qxg3
33. Rf1 Kc8 34. Rae1 b6 35. Nd3 Rh2 36. Re4 Qd6 37. Rc1 Qc6+ 38. Kb3 Qb5 39.
Rc3 Qd5+ 40. Ka4 c6 41. Re8+ Kb7 42. Re7+ Ka6 43. Nc5+ bxc5 44. Rxc5 Qxf3 0-1

[Event "Deutsche Ländermeisterschaft 2014"]
[Site "Hannover GER"]
[Date "2014.10.04"]
[Round "3"]
[White "Zimmer, Raphael"]
[Black "Koch, Elisabeth"]
[Result "1-0"]
[Termination "normal"]
[Board "6.5"]
[WhiteElo "1902"]
[BlackElo "1683"]
[WhiteTeam "Baden 2"]
[BlackTeam "Berlin"]
[PlyCount "75"]
[WhiteFideId "12978841"]
[BlackFideId "24695068"]
[EventCountry "GER"]
[EventRounds "7"]
[EventType "team-swiss"]
[EventDate "2014.10.02"]

1. e4 e5 2. Nf3 Nc6 3. d4 exd4 4. Bc4 Nf6 5. e5 d5 6. Bb5 Ne4 7. Nxd4 Bd7 8.
Bxc6 bxc6 9. O-O Bc5 10. f3 Ng5 11. f4 Ne6 12. Be3 O-O 13. c3 f6 14. Nd2 Qe7
15. N2b3 Bb6 16. Qe2 Rae8 17. Nf5 Bxe3+ 18. Qxe3 Qf7 19. Qg3 Qh5 20. Nfd4 fxe5
21. fxe5 Ng5 22. Rxf8+ Rxf8 23. Nc5 Be8 24. h4 Ne4 25. Nxe4 dxe4 26. Kh2 Qf7
27. Re1 Qxa2 28. Rxe4 Rf1 29. Qd3 Rf2 30. Rg4 Rxb2 31. c4 Bg6 32. Qg3 Rb1 33.
h5 Qa1 34. Qe3 Bxh5 35. Rxg7+ Kxg7 36. Qg5+ Kh8 37. Qd8+ Kg7 38. Nf5+ 1-0

[Event "Deutsche Ländermeisterschaft 2014"]
[Site "Hannover GER"]
[Date "2014.10.04"]
[Round "3"]
[White "Denkert, Anna"]
[Black "Riegel, Arinna"]
[Result "0-1"]
[Termination "normal"]
[Board "6.6"]
[WhiteElo "1712"]
[BlackElo "1620"]
[WhiteTeam "Berlin"]
[BlackTeam "Baden 2"]
[PlyCount "92"]
[WhiteFideId "12938122"]
[BlackFideId "12931446"]
[EventCountry "GER"]
[EventRounds "7"]
[EventType "team-swiss"]
[EventDate "2014.10.02"]

1. e4 d5 2. exd5 Qxd5 3. Nc3 Qd8 4. d4 Nf6 5. Nf3 c6 6. Be3 g6 7. Bc4 Bg7 8.
O-O O-O 9. Qd2 Bg4 10. Ne5 Bf5 11. Bb3 Nbd7 12. Bh6 Nxe5 13. dxe5 Qxd2 14. Bxd2
Ne4 15. Nxe4 Bxe4 16. Rfe1 Bd5 17. Bxd5 cxd5 18. e6 f5 19. Bg5 Bf6 20. Bh6 Rfc8
21. c3 Rc6 22. Rad1 Rd8 23. Bf4 d4 24. cxd4 Rxd4 25. Bh6 Rxe6 26. Kf1 Rxe1+ 27.
Kxe1 Rxd1+ 28. Kxd1 Bxb2 29. Be3 a6 30. Kc2 Be5 31. f4 Bc7 32. Kc3 e5 33. g3
exf4 34. gxf4 Kf7 35. Kc4 Ke6 36. h3 Kd6 37. a4 Kc6 38. Bd2 b5+ 39. axb5+ axb5+
40. Kd4 b4 41. Kc4 b3 42. Kxb3 Kd5 43. Kc2 Ke4 44. Kd1 Bxf4 45. Be1 Kf3 46. h4
Bg3 0-1

[Event "Deutsche Ländermeisterschaft 2014"]
[Site "Hannover GER"]
[Date "2014.10.04"]
[Round "3"]
[White "Ehmann, Johanna"]
[Black "Dathe, Frederick"]
[Result "0-1"]
[Termination "normal"]
[Board "6.7"]
[WhiteElo "1517"]
[BlackElo "1654"]
[WhiteTeam "Baden 2"]
[BlackTeam "Berlin"]
[PlyCount "72"]
[WhiteFideId "12953130"]
[BlackFideId "12963070"]
[EventCountry "GER"]
[EventRounds "7"]
[EventType "team-swiss"]
[EventDate "2014.10.02"]

1. e4 d6 2. d4 g6 3. Nf3 Bg7 4. Bc4 Nf6 5. Nc3 O-O 6. O-O c6 7. e5 dxe5 8. dxe5
Ng4 9. Bf4 Qb6 10. Bb3 Na6 11. h3 Nh6 12. Re1 Nc7 13. Qe2 Be6 14. Rad1 Bxb3 15.
axb3 Ne6 16. Bg3 Nf5 17. Ne4 a5 18. Nh4 Ned4 19. Qc4 Nxg3 20. Nxg3 Rad8 21. Rd3
Rd5 22. Re4 Rfd8 23. Ree3 Bh6 24. Nhf5 gxf5 25. Nxf5 Nxf5 26. Qg4+ Ng7 27. Rxd5
Rxd5 28. Qc8+ Rd8 29. Qg4 Bxe3 30. fxe3 Qxe3+ 31. Kh2 Qxe5+ 32. Kh1 Qh5 33. Qe4
Nf5 34. Qe5 Qd1+ 35. Kh2 Qd6 36. Qxd6 Rxd6 0-1

[Event "Deutsche Ländermeisterschaft 2014"]
[Site "Hannover GER"]
[Date "2014.10.04"]
[Round "3"]
[White "Schnabel, Luise"]
[Black "Lohrmann, Tabea"]
[Result "0-1"]
[Termination "normal"]
[Board "6.8"]
[WhiteElo "1369"]
[BlackElo "1467"]
[WhiteTeam "Berlin"]
[BlackTeam "Baden 2"]
[PlyCount "64"]
[WhiteFideId "12943347"]
[BlackFideId "12911941"]
[EventCountry "GER"]
[EventRounds "7"]
[EventType "team-swiss"]
[EventDate "2014.10.02"]

1. e4 e5 2. Nf3 Nc6 3. Bc4 Bc5 4. O-O d6 5. c3 Nf6 6. d3 h6 7. Nbd2 a6 8. Bb3
Bg4 9. h3 Bh5 10. Re1 Qd7 11. Nf1 O-O-O 12. Be3 g5 13. Ng3 Rdg8 14. Nxh5 Nxh5
15. d4 exd4 16. cxd4 Bb4 17. d5 Ne7 18. Bd2 Bxd2 19. Nxd2 g4 20. hxg4 Rxg4 21.
Qf3 Nf4 22. Nf1 Nxg2 23. Qf6 Nxe1+ 24. Ng3 Ng6 25. Rxe1 h5 26. Bd1 Rf4 27. Qg5
Qd8 28. Qxd8+ Kxd8 29. Bxh5 Ne5 30. Re3 Rg8 31. Kf1 Nc4 32. Re2 Rxg3 0-1